000
00356nam a2200157Ia 4500
008
230524s9999 xx 000 0 und d
082
_a
658.12
_b
NIT
100
_a
J Nithyashri
245
0
_a
System Software
250
_a
2ND
260
_a
NEW DELHI
_b
MGH
_c
2010
300
_a
XI;187
500
_a
Quantity Number: 5
650
_a
Comp-Sc
942
_c
BK
999
_c
46129
_d
46129